书目信息 |
| 题名: |
干式电力变压器技术参数和要求
|
|
| 作者: | 国家技术监督局 发布 | |
| 分册: | ||
| 出版信息: | 北京 中国标准出版社 1997.12 |
|
| 页数: | 6页 | |
| 开本: | 16开 | |
| 丛书名: | ||
| 单 册: | ||
| 中图分类: | TM412-65 | |
| 科图分类: | ||
| 主题词: | 电力变压器 | |
| 电子资源: | ||
| ISBN: | ||
| 000 | 00605nam0 2200193 45 | |
| 001 | 0009290721 | |
| 005 | 20000929073456.0 | |
| 010 | @d9.00元 | |
| 100 | @a20000929d1997 km y0chiy0120 ea | |
| 101 | 0 | @achi |
| 105 | @a z 000yy | |
| 200 | 1 | @a干式电力变压器技术参数和要求@AGan Shi Dian Li Bian Ya Qi Ji Shu Can Shu He Yao Qiu@f国家技术监督局发布@FGuo Jia Ji Shu Jian Du Ju Fa Bu |
| 210 | @a北京@c中国标准出版社@d1997.12 | |
| 215 | @a6页@d16开 | |
| 606 | 0 | @a电力变压器 |
| 690 | @aTM412-65@v3 | |
| 701 | 0 | @a国家技术监督局@4发布 |
| 801 | @aCN@bPftUser@c20000929 | |
| 905 | @b162610-614@dTM412-65@eG:347@f5 | |
| 干式电力变压器技术参数和要求/国家技术监督局发布.-北京:中国标准出版社,1997.12 |
| 6页;16开 |
| ISBN :9.00元 |
| ● |
| 相关链接 |
|
|
|
正题名:干式电力变压器技术参数和要求
索取号:TM412-65/G:347
 
预约/预借
| 序号 | 登录号 | 条形码 | 馆藏地/架位号 | 状态 | 备注 |
| 1 | 162610 | 201626106 | 自科二线504/504自科库 10排1列3层/ [索取号:TM412-65/G:347] | 在馆 | |
| 2 | 162611 | 201626115 | 自科库301/504自科库 10排1列3层/ [索取号:TM412-65/G:347] | 在馆 | |
| 3 | 162612 | 201626124 | 自科二线504/504自科库 10排1列3层/ [索取号:TM412-65/G:347] | 在馆 | |
| 4 | 162613 | 201626133 | 自科二线504/504自科库 10排1列3层/ [索取号:TM412-65/G:347] | 在馆 | |
| 5 | 162614 | 201626142 | 自科二线504/504自科库 10排1列3层/ [索取号:TM412-65/G:347] | 在馆 |